00746nam a2200229Ia 4500003000400000005001700004008004100021040000700062041001200069082001700081100002400098245004200122260004000164300001600204365001300220650002800233650003900261906004500300942001200345999001900357952014000376OSt20251025160643.0210423s2006 xx 000 0 und d cAL aEnglish a361.1 bDEBC aSibnath Deb9115992 aContemporary social problems in india aNew DelhibAnmol Publicationsc2006 axvi,352bHB b900cINR aSocial Problems9115993 aSocial Problems & Services9115994 aContemporary ; india ; problems ; social 2ddccBK c175393d175393 001040708MSWaSACPGbSACPGd2009-07-13eBook Worldg900.00l4o361.1 DEBCpPG022093r2024-01-13 00:00:00s2024-01-03w2021-04-26yBK